Top Colleges by State - Statistics

General Stats
  • This quiz has been taken 53 times
  • The average score is 33 of 51
Answer Stats
State Answer % Correct
Arizona University of Arizona
82%
Arkansas University of Arkansas
82%
Kansas University of Kansas
82%
California Stanford University
80%
Florida University of Florida
80%
Pennsylvania University of Pennsylvania
80%
Connecticut Yale University
80%
New Jersey Princeton University
78%
Alaska University of Alaska, Fairbanks
78%
Idaho University of Idaho
78%
Hawaii University of Hawaii, Manoa
76%
Iowa University of Iowa
76%
Michigan University of Michigan, Ann Arbor
76%
Washington University of Washington
76%
Missouri Washington University in St. Louis
76%
Massachusetts Massachusetts Institute of Technology
73%
Kentucky University of Kentucky
73%
Nevada University of Nevada, Reno
73%
Alabama Auburn University
71%
Illinois University of Chicago
71%
New Mexico University of New Mexico
71%
Oregon University of Oregon
71%
Wisconsin University of Wisconsin, Madison
71%
Wyoming University of Wyoming
71%
New York Cornell University
69%
Delaware University of Delaware
69%
Minnesota University of Minnesota, Twin Cities
69%
Oklahoma University of Oklahoma
69%
Rhode Island Brown University
67%
North Carolina Duke University
67%
Maine University of Maine
67%
North Dakota University of North Dakota
67%
Indiana University of Notre Dame
67%
South Dakota University of South Dakota
67%
Vermont University of Vermont
67%
Tennessee Vanderbilt University
64%
West Virginia West Virginia University
64%
New Hampshire Dartmouth College
62%
District of Columbia Georgetown University
62%
Maryland Johns Hopkins University
60%
Texas Rice University
58%
South Carolina Clemson University
56%
Georgia Emory University
51%
Louisiana Tulane University
51%
Montana Montana State University
44%
Utah Brigham Young University, Provo
40%
Ohio Case Western Reserve University
40%
Nebraska Creighton University
36%
Colorado Colorado School of Mines
33%
Mississippi University of Mississippi
7%
Virginia University of Virginia
7%
No matching quizzes found
Score Distribution
Percent of People with Each Score
Percentile by Number Answered
Your Score History
You have not taken this quiz